000 00858nam a2200205Ia 4500
003 IN-BaIIA
008 211028s9999 xx 000 0 eng d
040 _cIIA Library
080 _a523.9
_bSTIP
111 _aMaynooth Symposium on Solar/ interplanetary intervals
_cMaynooth
_d1982 Aug. 4-6
_913828
245 0 _aSTIP Symposium on Solar/ interPlanetary intervals
_bproceedings of the Maynooth Symposium on Solar/ interPlanetary intervals, held in Maynooth, Ireland, 4-6 August 1982
_cedited by M.A. Shea and D.F. Smart and S.M.P. McKenna-Lawlor.
260 _aIreland
_bRoyal Irish Academy
_c1984
300 _a[various pagings.]
650 _aAstronomy and Astrophysics thesaurus
650 _aInterPlanetary Physics
_913829
650 _aSolar Physics
700 _aMckenna-Lawlor, S. M. P., ed.
_913830
700 _aShea, M. A., ed.
_99897
942 _cBK
999 _c8244
_d8244